|
|
|
|
| LEADER |
01215nam a2200337 a 4500 |
| 001 |
GR-Patra13730 |
| 008 |
001011s1999 gr g b 000 b eng d |
| 020 |
|
|
|a 0834211173
|
| 040 |
|
|
|a GrPaTEI
|b gre
|c GR-PaULI
|
| 040 |
|
|
|a GrPaTEI
|b gre
|c GR-PaULI
|
| 082 |
|
0 |
|a 616.855406
|2 21
|
| 245 |
0 |
0 |
|a Clinical management of stuttering in older children and adults /
|c Richard E. Ham.
|
| 260 |
|
|
|a Gaithersburg :
|b Aspen Publication,
|c 1999
|
| 300 |
|
|
|a xiii, 377σ.
|
| 504 |
|
|
|a Περιλαμβάνει βιβλιογραφικές παραπομπές
|
| 650 |
|
0 |
|a ADULTS
|
| 650 |
|
0 |
|a CHILDREN
|
| 650 |
|
0 |
|a Management
|
| 650 |
|
0 |
|a STUTTERING
|
| 650 |
|
4 |
|a ΔΙΑΓΝΩΣΗ
|
| 650 |
|
4 |
|a ΔΙΟΙΚΗΣΗ ΚΑΙ ΟΡΓΑΝΩΣΗ
|
| 650 |
|
4 |
|a ΕΝΗΛΙΚΕΣ
|
| 650 |
|
4 |
|a ΛΟΓΟΘΕΡΑΠΕΙΑ
|
| 650 |
|
4 |
|a Παιδιά
|
| 650 |
|
4 |
|a ΤΡΑΥΛΙΣΜΟΣ
|
| 700 |
1 |
|
|a HAM, RICHARD E.
|
| 710 |
0 |
|
|a Aspen Publishers
|
| 942 |
|
|
|2 ddc
|
| 952 |
|
|
|0 0
|1 0
|2 ddc
|4 0
|6 616_855406000000000_HAM
|7 0
|9 292775
|a LISK
|b LISK
|c BSC
|d 2021-01-17
|e 24
|f 0
|g 0.00
|l 0
|o 616.855406 HAM
|p 92410014925
|r 2021-01-17 00:00:00
|t 1
|w 2021-01-17
|y BK15
|x 20001011 0 1
|x GrPaTEI
|
| 971 |
|
|
|a .b26612458
|b 15-04-20
|c 23-09-16
|
| 999 |
|
|
|c 171118
|d 171118
|